000 00693nam a2200229 i 4500
001 bg
245 0 0 _aElektryczne urządzenia okrętowe :
_blaboratorium /
_cRyszard Białek [et al. ; Wyższa Szkoła Morska Gdynia].
260 _aGdynia :
_bWSM,
_c2000.
300 _a246 s. :
_bil. ;
_c21 cm.
504 _aBibliogr. przy rozdz.
650 9 _aStatki
_xelektrotechnika
_xurządzenia
655 _aPodręczniki akademickie
700 1 _aBIAŁEK, Ryszard
710 0 _aWyższa Szkoła Morska (Gdynia)
020 _a8387875317
040 _cBPK
041 0 _apl
080 _a629.5:621.31](075.8)
920 _a83-87875-31-7
942 _cKS
008 s pl f |000 0 pol
999 _c39216
_d39216
856 _uhttp://koha.tu.koszalin.pl/cgi-bin/koha/opac-detail.pl?biblionumber=39216
_yKatalog online BPK